[Event "Kort Paaske 1, gruppe 1"]
[Site "Skorping"]
[Date "2017.04.08"]
[Round "1"]
[White "Taskiran, Erol"]
[Black "Hoffmann, Tobias Breinholt"]
[Result "0-1"]
[WhiteElo "1841"]
[BlackElo "2059"]
[PlyCount "136"]
[EventDate "2017.04.08"]

1. d4 d5 2. c4 c6 3. Nc3 Nf6 4. Nf3 e6 5. Bg5 Be7 6. e3 Nbd7 7. Bd3 O-O 8. O-O
a6 9. a4 h6 10. Bh4 dxc4 11. Bxc4 c5 12. Qc2 cxd4 13. exd4 Nb6 14. Ba2 Nbd5 15.
Nxd5 Nxd5 16. Bxe7 Qxe7 17. Qe4 Nf6 18. Qe2 Rd8 19. Rac1 Qd6 20. Rc2 Bd7 21. b3
Rac8 22. Rfc1 Rxc2 23. Rxc2 Bc6 24. Rc4 Bd5 25. Rc1 Bxf3 26. gxf3 Qxd4 27. Bb1
Qd5 28. Qe3 b5 29. Bc2 Qg5+ 30. Qxg5 hxg5 31. axb5 axb5 32. Rd1 Rxd1+ 33. Bxd1
Kf8 34. b4 Nd5 35. Be2 Ke7 36. Bxb5 Nxb4 37. Kf1 Nd5 38. Ba6 Nf4 39. Ke1 Kd6
40. Kd2 Ke5 41. Bb5 f6 42. Bf1 Kf5 43. h3 Nd5 44. Ba6 Kg6 45. Bc8 Nf4 46. Ke3
Kh5 47. Bd7 Kh4 48. Bc8 Kxh3 49. Bd7 Kh4 50. Bc8 f5 51. Bd7 g6 52. Bc8 e5 53.
Bb7 g4 54. fxg4 Kxg4 55. Bf3+ Kg5 56. Bc6 Kf6 57. f3 Ke6 58. Be8 Kd6 59. Bf7 g5
60. Bg8 g4 61. fxg4 fxg4 62. Bh7 g3 63. Be4 Kc5 64. Bf3 g2 65. Kf2 Kd4 66. Bg4
e4 67. Bd1 e3+ 68. Kg1 Kd3 0-1

[Event "Kort Paaske 1, gruppe 1"]
[Site "Skorping"]
[Date "2017.04.08"]
[Round "1"]
[White "Knudsen, Martin"]
[Black "Nettelbeck, Jann"]
[Result "1-0"]
[WhiteElo "2016"]
[BlackElo "1779"]
[PlyCount "27"]
[EventDate "2017.04.08"]

1. d4 d5 2. c4 c6 3. Nc3 e6 4. Nf3 Nf6 5. e3 Bb4 6. Bd2 dxc4 7. Bxc4 Nbd7 8. a3
Be7 9. O-O b5 10. Bd3 Nb6 11. Ne5 Bb7 12. Ne4 Nbd7 13. Nxf7 Nxe4 14. Nxd8 1-0

[Event "Kort Paaske 1, gruppe 1"]
[Site "Skorping"]
[Date "2017.04.08"]
[Round "1"]
[White "Poulsen, Peter Risgaard"]
[Black "Steenstrup, Svend"]
[Result "0-1"]
[WhiteElo "1920"]
[BlackElo "1900"]
[PlyCount "102"]
[EventDate "2017.04.08"]

1. c4 e5 2. Nc3 Nf6 3. e4 Bc5 4. d3 d6 5. h3 c6 6. g3 Qb6 7. Qe2 Be6 8. Nf3 h6
9. Bg2 Nbd7 10. O-O Qc7 11. Na4 O-O 12. Nxc5 dxc5 13. b3 Rad8 14. Bb2 Qd6 15.
Rad1 Ne8 16. g4 Qe7 17. Bxe5 Bxg4 18. hxg4 Nxe5 19. Nxe5 Qxe5 20. f4 Qd4+ 21.
Kh2 g5 22. e5 Ng7 23. Be4 Ne6 24. fxg5 Qxe5+ 25. Kh1 Qxg5 26. Qh2 Nd4 27. Rf2
Rd7 28. Rdf1 Re7 29. Qd6 Rfe8 30. Qh2 Kg7 31. Qd6 Rh8 32. Rh2 Re6 33. Rhf2 Qh4+
34. Rh2 Rxd6 35. Rxh4 Rf6 36. Rxf6 Kxf6 37. Rh2 Kg5 38. Rf2 f6 39. Kg2 h5 40.
gxh5 Rxh5 41. Bf3 Rh4 42. Bd1 f5 43. Kg1 Rh3 44. Be2 f4 45. Bf1 Rg3+ 46. Kh1 f3
47. Kh2 Kf4 48. Rb2 Rg5 49. b4 Ke3 50. bxc5 f2 51. Kh3 Kf3 0-1

[Event "Kort Paaske 1, gruppe 1"]
[Site "Skorping"]
[Date "2017.04.08"]
[Round "1"]
[White "Damborg, Benny Falck"]
[Black "Yildiz, Hasan"]
[Result "1/2-1/2"]
[WhiteElo "1949"]
[BlackElo "1923"]
[PlyCount "83"]
[EventDate "2017.04.08"]

1. c4 e6 2. d4 b6 3. e4 Bb7 4. Nc3 Bb4 5. Bd3 f5 6. d5 fxe4 7. Bxe4 Qh4 8. Qe2
Nf6 9. Bf3 O-O 10. dxe6 Bxf3 11. Nxf3 Qg4 12. O-O Bxc3 13. bxc3 Re8 14. h3 Qxe6
15. Qxe6+ Rxe6 16. Nd4 Re5 17. Ba3 c5 18. Nf3 Re4 19. Nd2 Re2 20. Rad1 Nc6 21.
Rfe1 Ree8 22. Kf1 Ne5 23. Re3 Nc6 24. Rde1 Na5 25. Bc1 h6 26. Ne4 Nxe4 27. Rxe4
Rxe4 28. Rxe4 Kf8 29. Ke2 Rc8 30. Bf4 Rc6 31. Kd3 a6 32. Re5 b5 33. cxb5 axb5
34. Rxc5 Rf6 35. Bg3 Ra6 36. Rxb5 Nc6 37. a3 Ke7 38. Rd5 Ke6 39. Rd6+ Ke7 40.
Rd5 Ke6 41. Rd6+ Ke7 42. Rd5 1/2-1/2

[Event "Kort Paaske 1, gruppe 1"]
[Site "Skorping"]
[Date "2017.04.08"]
[Round "1"]
[White "Schoning, Lars"]
[Black "Nielsen, Aage Sondergaard"]
[Result "1/2-1/2"]
[WhiteElo "1862"]
[BlackElo "1917"]
[PlyCount "90"]
[EventDate "2017.04.08"]

1. d4 Nf6 2. c4 g6 3. Nc3 Bg7 4. Bg5 c5 5. e3 Qa5 6. Qd2 O-O 7. Be2 d6 8. Nf3
Nc6 9. d5 Nb8 10. O-O Bg4 11. Rac1 a6 12. a4 Nbd7 13. h3 Bxf3 14. gxf3 h6 15.
Bh4 Qb4 16. Qc2 Nb6 17. Bxf6 Bxf6 18. b3 Nd7 19. f4 Bxc3 20. Qxc3 Qxc3 21. Rxc3
f5 22. Kh2 Nf6 23. Bd3 Kf7 24. Rg1 Rg8 25. Rc2 Rg7 26. f3 Nh5 27. Rcg2 Rag8 28.
Rb1 a5 29. Kg1 Re8 30. Kf2 Kf6 31. h4 e5 32. dxe6 Rxe6 33. Rbg1 Kf7 34. Bc2 Kf8
35. Bd3 b6 36. Bc2 Rge7 37. Rxg6 Rxe3 38. Rg8+ Kf7 39. Be4 R3xe4 40. fxe4 Rxe4
41. Rb8 Rxf4+ 42. Ke3 Re4+ 43. Kf3 Rf4+ 44. Ke3 Re4+ 45. Kd2 Rxh4 1/2-1/2

[Event "Kort Paaske 1, gruppe 1"]
[Site "Skorping"]
[Date "2017.04.09"]
[Round "2"]
[White "Hoffmann, Tobias Breinholt"]
[Black "Steenstrup, Svend"]
[Result "1-0"]
[WhiteElo "2059"]
[BlackElo "1900"]
[PlyCount "147"]
[EventDate "2017.04.08"]

1. d4 Nf6 2. Nf3 g6 3. g3 Bg7 4. Bg2 d5 5. O-O c5 6. c3 Nbd7 7. Na3 cxd4 8.
cxd4 Nb6 9. Ne5 Ng4 10. Nxg4 Bxg4 11. Bf4 Rc8 12. b3 Qd7 13. Re1 O-O 14. Qd2
Rfe8 15. Rac1 f6 16. Be3 Bh3 17. Bh1 e6 18. Qa5 Rc6 19. Rxc6 bxc6 20. Rc1 Bf8
21. Nc2 Rb8 22. Nb4 Nc4 23. bxc4 Bxb4 24. Qa4 Bf8 25. cxd5 exd5 26. Qxc6 Qxc6
27. Rxc6 Rb1+ 28. Rc1 Rxc1+ 29. Bxc1 Be6 30. f3 Bb4 31. Kf2 Bc3 32. Ke3 h5 33.
Kd3 Be1 34. a3 h4 35. gxh4 Bxh4 36. e4 f5 37. Bd2 Kf7 38. e5 Be7 39. Bb4 Bg5
40. Bd2 Be7 41. a4 Bc8 42. f4 Ba6+ 43. Kc3 Ke6 44. Bf3 Bc4 45. Be1 Bd8 46. Kc2
Bb6 47. Bf2 Ba5 48. h4 Bf1 49. h5 gxh5 50. Bxh5 Bg2 51. Be2 Be4+ 52. Kb2 Bd2
53. Bg3 Kd7 54. Ba6 Ba5 55. Kc1 Bc3 56. Bf2 Bb4 57. Be3 Ba3+ 58. Kd2 Bb4+ 59.
Ke2 Bc2 60. Bb5+ Ke6 61. Bd2 Ba3 62. a5 Bb2 63. Ke3 Be4 64. a6 Bc2 65. Bb4 Bc1+
66. Kf2 Bxf4 67. Bc5 Bxe5 68. dxe5 Kxe5 69. Bxa7 Be4 70. Bb8+ Kd4 71. Bd6 Kc3
72. Bc6 d4 73. Bxe4 fxe4 74. Be5 1-0

[Event "Kort Paaske 1, gruppe 1"]
[Site "Skorping"]
[Date "2017.04.09"]
[Round "2"]
[White "Marthedal, Anton Mehmet Yildiz"]
[Black "Knudsen, Martin"]
[Result "1-0"]
[WhiteElo "1917"]
[BlackElo "2016"]
[PlyCount "79"]
[EventDate "2017.04.08"]

1. e4 d6 2. d4 Nf6 3. Nc3 g6 4. Be3 c6 5. f3 b5 6. Qd2 h5 7. O-O-O Bg7 8. e5
dxe5 9. dxe5 Qxd2+ 10. Rxd2 Nfd7 11. f4 O-O 12. g3 a5 13. Bg2 Ra6 14. Nge2 Nb6
15. Bc5 Re8 16. Rhd1 b4 17. Ne4 Bg4 18. Rd8 Kf8 19. Nf6 Bxf6 20. exf6 Nc8 21.
Bf1 Ra8 22. h3 Bf3 23. R1d3 Bd5 24. fxe7+ Nxe7 25. Rxe8+ Kxe8 26. Re3 Be6 27.
Bxe7 Kxe7 28. Nd4 Nd7 29. Nxe6 fxe6 30. Bc4 Nf8 31. Kd2 Kd6 32. Re5 c5 33. Rg5
Ra7 34. Bd3 Rg7 35. Be4 h4 36. g4 Rf7 37. Ke3 Rg7 38. b3 Rg8 39. f5 exf5 40.
gxf5 1-0

[Event "Kort Paaske 1, gruppe 1"]
[Site "Skorping"]
[Date "2017.04.09"]
[Round "2"]
[White "Nielsen, Aage Sondergaard"]
[Black "Balslev, Uffe"]
[Result "0-1"]
[WhiteElo "1917"]
[BlackElo "1878"]
[PlyCount "90"]
[EventDate "2017.04.08"]

1. e4 c6 2. d4 d5 3. e5 Bf5 4. Bd3 Bxd3 5. Qxd3 e6 6. Ne2 Qc7 7. O-O c5 8. c3
Nc6 9. a3 Rc8 10. Be3 Nge7 11. f4 Nf5 12. dxc5 Nxe3 13. Qxe3 Na5 14. b4 Nc4 15.
Qd3 b6 16. cxb6 axb6 17. Nd4 Qa7 18. Kh1 Qa4 19. Qd1 Qa6 20. Rf3 Nb2 21. Qe2
Qxe2 22. Nxe2 Be7 23. Nd2 Kd7 24. Rb1 Nc4 25. Nxc4 Rxc4 26. Nd4 Ra8 27. Ra1
Bxb4 28. cxb4 Rxd4 29. Re1 g6 30. g3 Rc8 31. Re2 Rcc4 32. Kg2 Kc6 33. Kh3 h5
34. Kh4 Re4 35. Rfe3 Rxe3 36. Rxe3 d4 37. Rd3 Kd5 38. Kg5 Ke4 39. Rd1 d3 40. g4
hxg4 41. Kxg4 Ke3 42. Kg5 Ke2 43. Rg1 d2 44. Rg2+ Ke1 45. Kf6 Rxf4+ 0-1

[Event "Kort Paaske 1, gruppe 1"]
[Site "Skorping"]
[Date "2017.04.09"]
[Round "2"]
[White "Yildiz, Hasan"]
[Black "Schoning, Lars"]
[Result "0-1"]
[WhiteElo "1923"]
[BlackElo "1862"]
[PlyCount "88"]
[EventDate "2017.04.08"]

1. Nf3 Nf6 2. g3 d6 3. Bg2 e5 4. d3 Be7 5. O-O O-O 6. h3 Ne8 7. e4 f5 8. c3
fxe4 9. dxe4 Kh8 10. Be3 Be6 11. Nbd2 Nd7 12. Qe2 Nef6 13. Rfd1 h6 14. a4 Nh7
15. Kh2 Qe8 16. Ng1 Bg5 17. Nf1 Nb6 18. Nd2 Nxa4 19. Bxg5 Nxg5 20. Ndf3 Nxf3+
21. Nxf3 Nb6 22. Nh4 Qf7 23. Rd2 Nd7 24. Qe3 a6 25. f4 exf4 26. gxf4 Qh5 27.
Nf3 Nf6 28. Qd4 Bxh3 29. Bxh3 Qxf3 30. e5 Ne4 31. Rg2 Qxf4+ 32. Kg1 dxe5 33.
Qd7 Rf7 34. Qd3 Raf8 35. Be6 Nc5 36. Qg6 Nxe6 37. Qxe6 Qe3+ 38. Kh2 Rf2 39.
Rag1 Qf4+ 40. Kh3 Rf3+ 41. Rg3 Rxg3+ 42. Rxg3 Qf5+ 43. Qxf5 Rxf5 44. Rd3 Rf2
0-1

[Event "Kort Paaske 1, gruppe 1"]
[Site "Skorping"]
[Date "2017.04.09"]
[Round "2"]
[White "Poulsen, Peter Risgaard"]
[Black "Taskiran, Erol"]
[Result "1/2-1/2"]
[WhiteElo "1920"]
[BlackElo "1841"]
[PlyCount "78"]
[EventDate "2017.04.08"]

1. c4 Nf6 2. Nc3 g6 3. e4 d6 4. g3 Bg7 5. Bg2 c5 6. d3 Nc6 7. Nge2 O-O 8. O-O
Bg4 9. f3 Bd7 10. Be3 a6 11. Qd2 Ne5 12. h3 Qa5 13. f4 Nc6 14. g4 b5 15. Ng3
Rac8 16. e5 dxe5 17. g5 Ne8 18. Bxc5 Nd6 19. Bxd6 exd6 20. Nge4 Ne7 21. Nd5 Qd8
22. Nxd6 Rb8 23. Nf6+ Bxf6 24. gxf6 Qb6+ 25. Qf2 Qxd6 26. fxe5 Qe6 27. fxe7
Qxe7 28. Rae1 Bf5 29. Qg3 Be6 30. b3 Rbd8 31. cxb5 axb5 32. Qe3 b4 33. Rc1 Rc8
34. d4 Qa7 35. Qf2 Qd7 36. Kh2 Rfd8 37. Rcd1 Rc3 38. Qh4 Rdc8 39. Rf2 Re3
1/2-1/2

[Event "Kort Paaske 1, gruppe 1"]
[Site "Skorping"]
[Date "2017.04.09"]
[Round "3"]
[White "Marthedal, Anton Mehmet Yildiz"]
[Black "Hoffmann, Tobias Breinholt"]
[Result "1/2-1/2"]
[WhiteElo "1917"]
[BlackElo "2059"]
[PlyCount "64"]
[EventDate "2017.04.08"]

1. d4 Nf6 2. Nf3 e6 3. c4 Bb4+ 4. Bd2 Qe7 5. Nc3 b6 6. e3 Bb7 7. Bd3 Bxc3 8.
Bxc3 Ne4 9. Bxe4 Bxe4 10. Nd2 Bb7 11. Qg4 f5 12. Qh5+ Qf7 13. Qxf7+ Kxf7 14. f3
d6 15. Kf2 Nd7 16. Rhd1 Nf6 17. Nb3 Rhd8 18. Nc1 Ba6 19. b3 b5 20. cxb5 Bxb5
21. Ba5 Rdc8 22. Nd3 Bxd3 23. Rxd3 Ke7 24. Rc3 Kd7 25. Rac1 c6 26. Re1 Rab8 27.
Rc2 d5 28. Rec1 Rb5 29. Be1 g6 30. Ke2 Ne8 31. Bg3 Nd6 32. Bxd6 Kxd6 1/2-1/2

[Event "Kort Paaske 1, gruppe 1"]
[Site "Skorping"]
[Date "2017.04.09"]
[Round "3"]
[White "Balslev, Uffe"]
[Black "Schoning, Lars"]
[Result "0-1"]
[WhiteElo "1878"]
[BlackElo "1862"]
[PlyCount "56"]
[EventDate "2017.04.08"]

1. e4 c5 2. d4 cxd4 3. c3 d5 4. exd5 Qxd5 5. cxd4 Nc6 6. Nf3 e6 7. Be2 Nf6 8.
Nc3 Bb4 9. O-O Bxc3 10. bxc3 O-O 11. Bb2 Qa5 12. c4 Bd7 13. Bd3 Qh5 14. Be2
Rad8 15. d5 exd5 16. Bxf6 gxf6 17. cxd5 Bg4 18. h3 Bxh3 19. gxh3 Rxd5 20. Qa4
Qxh3 21. Qh4 Rg5+ 22. Qxg5+ fxg5 23. Nxg5 Qf5 24. Nxh7 Qg6+ 25. Kh2 Qxh7+ 26.
Kg3 Qg6+ 27. Kf4 Qf6+ 28. Ke4 Re8+ 0-1

[Event "Kort Paaske 1, gruppe 1"]
[Site "Skorping"]
[Date "2017.04.09"]
[Round "3"]
[White "Knudsen, Martin"]
[Black "Damborg, Benny Falck"]
[Result "1-0"]
[WhiteElo "2016"]
[BlackElo "1949"]
[PlyCount "61"]
[EventDate "2017.04.08"]

1. d4 d5 2. c4 c6 3. Nc3 Nf6 4. Nf3 e6 5. e3 Nbd7 6. Qc2 Bd6 7. Bd3 O-O 8. O-O
Re8 9. e4 dxe4 10. Nxe4 Nxe4 11. Bxe4 h6 12. Rd1 Nf6 13. Bd3 Qc7 14. Bd2 Nd7
15. Bc3 c5 16. h3 b6 17. Bh7+ Kf8 18. Qd3 Rd8 19. d5 Ne5 20. Qe4 Nxf3+ 21. Qxf3
Bb7 22. Be4 exd5 23. Rxd5 Bh2+ 24. Kf1 Rxd5 25. cxd5 Ba6+ 26. Bd3 Bxd3+ 27.
Qxd3 g6 28. g3 Qd7 29. Kg2 Bxg3 30. fxg3 Rd8 31. Rd1 1-0

[Event "Kort Paaske 1, gruppe 1"]
[Site "Skorping"]
[Date "2017.04.09"]
[Round "3"]
[White "Taskiran, Erol"]
[Black "Yildiz, Hasan"]
[Result "0-1"]
[WhiteElo "1841"]
[BlackElo "1923"]
[PlyCount "72"]
[EventDate "2017.04.08"]

1. d4 b6 2. e4 Bb7 3. Bd3 e6 4. Nf3 c5 5. c3 Be7 6. e5 Qc7 7. Na3 a6 8. Bf4
cxd4 9. Nxd4 Bxa3 10. Nxe6 dxe6 11. Qa4+ Nc6 12. Qxa3 Nxe5 13. Ke2 Ne7 14. Qa4+
N7c6 15. Rhd1 Rd8 16. Qe4 f5 17. Qe3 O-O 18. Bc2 h6 19. h4 Bc8 20. Qg3 Kh7 21.
h5 Rd5 22. Bb3 Rd6 23. Rxd6 Qxd6 24. Rd1 Qc5 25. Be3 Qb5+ 26. c4 Qb4 27. Bf4
Qc5 28. Be3 Qe7 29. Bxb6 f4 30. Qh3 f3+ 31. gxf3 Nxf3 32. Bc2+ Kh8 33. Be4 e5
34. Qg2 Ncd4+ 35. Kf1 Qh4 36. Bg6 Bh3 0-1

[Event "Kort Paaske 1, gruppe 1"]
[Site "Skorping"]
[Date "2017.04.09"]
[Round "3"]
[White "Nettelbeck, Jann"]
[Black "Poulsen, Peter Risgaard"]
[Result "1-0"]
[WhiteElo "1779"]
[BlackElo "1920"]
[PlyCount "89"]
[EventDate "2017.04.08"]

1. Nf3 d6 2. d4 Nf6 3. c4 c6 4. Nc3 Qc7 5. Bg5 Nbd7 6. e4 e5 7. d5 Be7 8. Bd3
h6 9. Bh4 Nf8 10. Nd2 g5 11. Bg3 Ng6 12. f3 Nf4 13. Bxf4 gxf4 14. Nb3 Nh5 15.
Qe2 Bh4+ 16. Kd2 a5 17. Na4 c5 18. Qd1 Rg8 19. Bf1 Bf2 20. Nc1 f5 21. Ne2 fxe4
22. fxe4 Nf6 23. Nac3 Ng4 24. Nb5 Qb6 25. Nec3 Ke7 26. h3 Nf6 27. Qe2 Be3+ 28.
Kc2 Bd7 29. a4 Rg3 30. Ra3 Rag8 31. Rb3 Qd8 32. Kb1 b6 33. Qc2 Be8 34. Ne2 Nxe4
35. Nxg3 Nxg3 36. Qh7+ Kf6 37. Qxh6+ Bg6+ 38. Bd3 Nxh1 39. Qh4+ Kg7 40. Qg4 Kh6
41. Qe6 Qg5 42. Nxd6 Qxg2 43. Nf5+ Kh7 44. Qe7+ Kh8 45. Qf6+ 1-0

[Event "Kort Paaske 1, gruppe 1"]
[Site "Skorping"]
[Date "2017.04.10"]
[Round "4"]
[White "Schoning, Lars"]
[Black "Marthedal, Anton Mehmet Yildiz"]
[Result "1-0"]
[WhiteElo "1862"]
[BlackElo "1917"]
[PlyCount "67"]
[EventDate "2017.04.08"]

1. d4 d5 2. c4 dxc4 3. Nc3 Nf6 4. Nf3 Bg4 5. Ne5 Bh5 6. Qa4+ Nbd7 7. e4 a6 8.
Qxc4 Nxe4 9. Nxd7 Nxc3 10. Nxf8 Nd5 11. Nxh7 Rxh7 12. Bd3 Rh8 13. Be4 Nb6 14.
Qc5 c6 15. Be3 e6 16. O-O Nd7 17. Qc2 f5 18. Bd3 Qh4 19. f4 Bg4 20. g3 Qh3 21.
Rf2 Nf6 22. Qb3 O-O-O 23. Qxe6+ Kb8 24. Qe5+ Ka8 25. Qc5 Bf3 26. d5 Qxg3+ 27.
Kf1 Kb8 28. Qa7+ Kc7 29. Bb6+ Kd6 30. Qxb7 Bg2+ 31. Rxg2 Qxd3+ 32. Re2 Nxd5 33.
Bc5+ Kxc5 34. Rc1+ 1-0

[Event "Kort Paaske 1, gruppe 1"]
[Site "Skorping"]
[Date "2017.04.10"]
[Round "4"]
[White "Steenstrup, Svend"]
[Black "Knudsen, Martin"]
[Result "0-1"]
[WhiteElo "1900"]
[BlackElo "2016"]
[PlyCount "126"]
[EventDate "2017.04.08"]

1. d4 Nf6 2. c4 e6 3. Nc3 Bb4 4. e3 b6 5. Nge2 O-O 6. a3 Bxc3+ 7. Nxc3 Bb7 8.
b4 a5 9. Bb2 Qe7 10. b5 d5 11. a4 Re8 12. Ba3 Qd8 13. c5 c6 14. cxb6 Qxb6 15.
Bc5 Qc7 16. bxc6 Bxc6 17. Nb5 Qd7 18. Nd6 Rd8 19. Bb5 Na6 20. Rc1 Nxc5 21. dxc5
Ne8 22. Bxc6 Qxc6 23. Nb5 Nc7 24. Nd4 Qa6 25. Qe2 Rdb8 26. Qxa6 Rxa6 27. O-O
Kf8 28. Rb1 Rb4 29. Nb5 Rc6 30. g3 Rxa4 31. Nxc7 Rxc7 32. Rb5 Rc4 33. Rxa5
R4xc5 34. Rxc5 Rxc5 35. Rb1 Rc7 36. h4 Ke7 37. Rb6 Kf6 38. Kg2 h5 39. Kf3 Kf5
40. Rb5 Rc4 41. Rb7 Kg6 42. Rd7 Kf6 43. Rd6 Rc7 44. Kf4 g6 45. Rb6 Rc4+ 46. Kf3
Kf5 47. Rb7 f6 48. Rb5 Ra4 49. Rc5 g5 50. hxg5 fxg5 51. Rc8 g4+ 52. Kg2 Ke4 53.
Rh8 Kd3 54. Rxh5 Re4 55. Rh7 e5 56. Ra7 d4 57. Ra3+ Kc2 58. exd4 exd4 59. Ra2+
Kb3 60. Ra8 d3 61. Kf1 d2 62. Rb8+ Rb4 63. Rd8 Kc2 0-1

[Event "Kort Paaske 1, gruppe 1"]
[Site "Skorping"]
[Date "2017.04.10"]
[Round "4"]
[White "Yildiz, Hasan"]
[Black "Balslev, Uffe"]
[Result "1-0"]
[WhiteElo "1923"]
[BlackElo "1878"]
[PlyCount "91"]
[EventDate "2017.04.08"]

1. Nf3 d5 2. g3 Bf5 3. d3 Nf6 4. Bg2 e6 5. Bg5 h6 6. Bxf6 Qxf6 7. c3 Nd7 8.
Nbd2 c6 9. h3 g5 10. Qc2 Bc5 11. e4 g4 12. exf5 gxf3 13. Nxf3 Qxf5 14. O-O-O
O-O-O 15. Rhe1 Bd6 16. Re2 Kb8 17. a4 Rhe8 18. Qd2 Nc5 19. Qc2 f6 20. Nd4 Qg5+
21. Kb1 e5 22. Nf3 Qg6 23. Nh4 Qh7 24. b4 Ne6 25. Rde1 f5 26. Ka2 e4 27. dxe4
fxe4 28. g4 Nf4 29. f3 Nxe2 30. Rxe2 Qf7 31. fxe4 Bg3 32. Nf5 d4+ 33. Qb3 Qxb3+
34. Kxb3 d3 35. Rd2 Bf4 36. Rd1 Kc7 37. Rf1 d2 38. Kc2 Re6 39. Nd4 Rf6 40. Kd1
b6 41. Rxf4 Rg6 42. Rf7+ Kd6 43. e5+ Kxe5 44. Nxc6+ Rxc6 45. Bxc6 Rd3 46. Rf3
1-0

[Event "Kort Paaske 1, gruppe 1"]
[Site "Skorping"]
[Date "2017.04.10"]
[Round "4"]
[White "Damborg, Benny Falck"]
[Black "Taskiran, Erol"]
[Result "1-0"]
[WhiteElo "1949"]
[BlackElo "1841"]
[PlyCount "37"]
[EventDate "2017.04.08"]

1. c4 Nf6 2. Nc3 g6 3. e4 d6 4. d4 Bg7 5. Be2 O-O 6. Nf3 Nbd7 7. O-O c5 8. e5
dxe5 9. dxe5 Ng4 10. e6 fxe6 11. Ng5 Ndf6 12. Bxg4 Nxg4 13. Qxg4 Qd6 14. Qh4 h5
15. Nce4 Qd4 16. Nf3 Qd3 17. Be3 Bxb2 18. Rad1 Qc2 19. Rd2 1-0

[Event "Kort Paaske 1, gruppe 1"]
[Site "Skorping"]
[Date "2017.04.10"]
[Round "4"]
[White "Nielsen, Aage Sondergaard"]
[Black "Poulsen, Peter Risgaard"]
[Result "0-1"]
[WhiteElo "1917"]
[BlackElo "1920"]
[PlyCount "88"]
[EventDate "2017.04.08"]

1. f4 g6 2. e4 d6 3. Nf3 Bg7 4. d4 c6 5. c3 Bg4 6. h3 Bxf3 7. Qxf3 Nd7 8. Nd2
Qc7 9. Bc4 e6 10. O-O d5 11. exd5 cxd5 12. Bb5 Ne7 13. Re1 O-O 14. Bd3 Nf6 15.
Nf1 a6 16. Bd2 b5 17. Rac1 Rac8 18. g4 Qb6 19. Kg2 a5 20. Ng3 b4 21. h4 bxc3
22. bxc3 h5 23. gxh5 Nf5 24. Rh1 Nxg3 25. Qxg3 Nxh5 26. Qf2 Qd6 27. Qe3 Bh6 28.
Rhf1 Qe7 29. Rh1 Qf6 30. Rcf1 Rb8 31. Bc1 Rfc8 32. Be2 Nxf4+ 33. Rxf4 Bxf4 34.
Qxf4 Qxf4 35. Bxf4 Rb2 36. Kf2 Rxc3 37. a4 Rcc2 38. Re1 Ra2 39. Kf3 Rxa4 40.
Be5 Raa2 41. Bf6 a4 42. Rb1 Rab2 43. Rxb2 Rxb2 44. Bg5 a3 0-1

[Event "Kort Paaske 1, gruppe 1"]
[Site "Skorping"]
[Date "2017.04.10"]
[Round "5"]
[White "Schoning, Lars"]
[Black "Hoffmann, Tobias Breinholt"]
[Result "1-0"]
[WhiteElo "1862"]
[BlackElo "2059"]
[PlyCount "89"]
[EventDate "2017.04.08"]

1. d4 Nf6 2. c4 e6 3. Nc3 Bb4 4. f3 Bxc3+ 5. bxc3 d6 6. e4 e5 7. dxe5 dxe5 8.
Qxd8+ Kxd8 9. Be3 Be6 10. Nh3 h6 11. Nf2 Nfd7 12. c5 c6 13. Be2 Kc7 14. O-O Rd8
15. a4 b6 16. cxb6+ axb6 17. Nd1 Na6 18. a5 b5 19. Nb2 Nac5 20. c4 b4 21. f4 f6
22. fxe5 fxe5 23. Nd3 Nxd3 24. Bxd3 c5 25. Be2 Ra6 26. h3 Rda8 27. Rad1 Rd6 28.
Ra1 Kc6 29. Kh2 Bg8 30. Rfb1 Nf8 31. Rf1 Ne6 32. Rf5 Nd4 33. Bxd4 exd4 34. e5
Rdd8 35. Bf3+ Kd7 36. Bxa8 Rxa8 37. e6+ Bxe6 38. Rxc5 Kd6 39. Rb5 Bxc4 40. Rxb4
Kc5 41. Rb7 g6 42. Rc1 Kd5 43. Rd7+ Ke6 44. Rxd4 Bd5 45. Ra1 1-0

[Event "Kort Paaske 1, gruppe 1"]
[Site "Skorping"]
[Date "2017.04.10"]
[Round "5"]
[White "Knudsen, Martin"]
[Black "Yildiz, Hasan"]
[Result "1/2-1/2"]
[WhiteElo "2016"]
[BlackElo "1923"]
[PlyCount "82"]
[EventDate "2017.04.08"]

1. Nf3 c5 2. e3 e6 3. d4 b6 4. Be2 Bb7 5. O-O Nf6 6. b3 a6 7. c4 Be7 8. Bb2 O-O
9. dxc5 Bxc5 10. Nbd2 Be7 11. Nd4 h6 12. Bf3 Nc6 13. Qe2 Qc7 14. Rac1 Rfd8 15.
Rfd1 Rac8 16. h3 Qb8 17. Nxc6 dxc6 18. Ne4 Nd7 19. g3 f5 20. Nc3 e5 21. e4 f4
22. Bg4 Rc7 23. Rd2 fxg3 24. fxg3 Bg5 25. Rxd7 Rcxd7 26. Bxd7 Rxd7 27. Rd1 Rf7
28. Kg2 Qf8 29. Bc1 Bxc1 30. Rxc1 Bc8 31. Nd1 Qd8 32. Nf2 Qg5 33. Rd1 Qf6 34.
Rd3 Qg5 35. Qd2 Qf6 36. Qe2 Qe7 37. Rf3 b5 38. Rxf7 Qxf7 39. cxb5 cxb5 40. Qd3
Kh7 41. Qd6 Qf6 1/2-1/2

[Event "Kort Paaske 1, gruppe 1"]
[Site "Skorping"]
[Date "2017.04.10"]
[Round "5"]
[White "Poulsen, Peter Risgaard"]
[Black "Balslev, Uffe"]
[Result "1/2-1/2"]
[WhiteElo "1920"]
[BlackElo "1878"]
[PlyCount "77"]
[EventDate "2017.04.08"]

1. c4 e5 2. Nc3 Nf6 3. e4 Nc6 4. d3 Be7 5. g3 d6 6. Bg2 O-O 7. Nge2 a6 8. O-O
Rb8 9. h3 b5 10. b3 bxc4 11. dxc4 Bb7 12. Kh2 a5 13. Be3 Nb4 14. Qd2 c5 15. g4
Nc6 16. g5 Nd7 17. Nd5 Nd4 18. f4 Bxd5 19. exd5 Nxe2 20. Qxe2 exf4 21. Bxf4 a4
22. Be4 Ne5 23. Bxe5 dxe5 24. h4 axb3 25. axb3 Qd6 26. Qd3 g6 27. Qg3 f5 28.
gxf6 Rxf6 29. h5 Kg7 30. Rg1 Rbf8 31. Bg2 Rf4 32. Ra7 g5 33. Qxg5+ Kf7 34. Be4
Ke8 35. Rxe7+ Qxe7 36. Qxe7+ Kxe7 37. Bxh7 Rh4+ 38. Kg3 Rff4 39. Bg6 1/2-1/2

[Event "Kort Paaske 1, gruppe 1"]
[Site "Skorping"]
[Date "2017.04.10"]
[Round "5"]
[White "Nettelbeck, Jann"]
[Black "Steenstrup, Svend"]
[Result "1/2-1/2"]
[WhiteElo "1779"]
[BlackElo "1900"]
[PlyCount "84"]
[EventDate "2017.04.08"]

1. d4 g6 2. c4 Nf6 3. Nc3 d5 4. cxd5 Nxd5 5. Bd2 Bg7 6. Nf3 Nc6 7. e4 Nb6 8. d5
Ne5 9. Nxe5 Bxe5 10. Bb5+ Bd7 11. Bxd7+ Qxd7 12. Qe2 Bg7 13. O-O O-O 14. Rac1
e6 15. dxe6 Qxe6 16. Nb5 Qxa2 17. Nxc7 Rac8 18. Bb4 Qxb2 19. Qxb2 Bxb2 20. Rc2
Rfd8 21. Rxb2 Rxc7 22. Ba5 Rd4 23. Rxb6 axb6 24. Bxb6 Rcc4 25. Bxd4 Rxd4 26. f3
Rb4 27. Kf2 Kg7 28. g4 Kf6 29. h4 h5 30. gxh5 gxh5 31. Rg1 Rb5 32. Ke3 Rb3+ 33.
Kf4 b5 34. Rg5 Rb1 35. Rxh5 b4 36. Rh6+ Kg7 37. Rb6 b3 38. Ke3 b2 39. Kd2 Rf1
40. Rxb2 Rf2+ 41. Kc3 Rxf3+ 42. Kd4 Rh3 1/2-1/2

[Event "Kort Paaske 1, gruppe 1"]
[Site "Skorping"]
[Date "2017.04.10"]
[Round "5"]
[White "Taskiran, Erol"]
[Black "Nielsen, Aage Sondergaard"]
[Result "1-0"]
[WhiteElo "1841"]
[BlackElo "1917"]
[PlyCount "113"]
[EventDate "2017.04.08"]

1. d4 f5 2. Nf3 Nf6 3. c4 g6 4. Nc3 Bg7 5. Bf4 d6 6. e3 Nh5 7. Bg3 c6 8. Be2
Qa5 9. Ng5 Nxg3 10. hxg3 h6 11. Nh3 Be6 12. Nf4 Bf7 13. g4 e5 14. dxe5 dxe5 15.
Nh3 fxg4 16. Bxg4 Bxc4 17. Qd6 Kf7 18. Rd1 Bf8 19. Qd2 Be7 20. Be2 Be6 21. f4
Rd8 22. Qc2 Rxd1+ 23. Bxd1 Kg7 24. g4 Bh4+ 25. Kd2 Na6 26. Kc1 Nb4 27. Qe4 Bf6
28. g5 hxg5 29. fxg5 Be7 30. Bg4 Bxg4 31. Qxg4 Nxa2+ 32. Nxa2 Qxa2 33. Nf2 Rf8
34. Rh2 Rf5 35. Qh4 Qg8 36. Qh6+ Kf7 37. Ne4 Ke8 38. Rd2 Bf8 39. Qh3 Qc4+ 40.
Nc3 Qf1+ 41. Qxf1 Rxf1+ 42. Kc2 Bb4 43. Rh2 Bxc3 44. bxc3 Rf7 45. Rh8+ Ke7 46.
Rg8 e4 47. Rxg6 a6 48. Rg8 Ke6 49. g6 Rf2+ 50. Kb3 Kd7 51. g7 Rg2 52. Rb8 Kd6
53. g8=Q Rxg8 54. Rxg8 b6 55. Rg6+ Kd5 56. c4+ Kc5 57. Rg4 1-0